Мемуары декабристов : (Record no. 312894)
[ view plain ]
| 000 -LEADER | |
|---|---|
| fixed length control field | 01005nam a2200217 i 4500 |
| 001 - CONTROL NUMBER | |
| control field | 000900716 |
| 003 - CONTROL NUMBER IDENTIFIER | |
| control field | AM-YeHGA |
| 005 - DATE AND TIME OF LATEST TRANSACTION | |
| control field | 20250617145504.0 |
| 008 - FIXED-LENGTH DATA ELEMENTS--GENERAL INFORMATION | |
| fixed length control field | 020227s1982 ru r 000 0 rus d |
| 040 ## - CATALOGING SOURCE | |
| Original cataloging agency | AM-YeHGA |
| 041 0# - LANGUAGE CODE | |
| Language code of text/sound track or separate title | rus |
| 090 ## - LOCALLY ASSIGNED LC-TYPE CALL NUMBER (OCLC); LOCAL CALL NUMBER (RLIN) | |
| -- | 314612 |
| 245 00 - TITLE STATEMENT | |
| Title | Мемуары декабристов : |
| Remainder of title | Южное общество / |
| Statement of responsibility, etc. | Собр. текстов и общ. ред. И. В. Пороха, В. А. Федорова; [Предисл. И. В. Пороха]. |
| 260 ## - PUBLICATION, DISTRIBUTION, ETC. | |
| Place of publication, distribution, etc. | Москва : |
| Name of publisher, distributor, etc. | Изд-во МГУ, |
| Date of publication, distribution, etc. | 1982. |
| 300 ## - PHYSICAL DESCRIPTION | |
| Extent | 351 с. : |
| Other physical details | ил. ; |
| Dimensions | 22 см. |
| 440 #0 - SERIES STATEMENT/ADDED ENTRY--TITLE | |
| Title | Университетская библиотека |
| 504 ## - BIBLIOGRAPHY, ETC. NOTE | |
| Bibliography, etc. note | Библиогр. в примеч.: с. 279-337 |
| 653 0# - INDEX TERM--UNCONTROLLED | |
| Uncontrolled term | Декабристы - Воспоминания и записки |
| 653 0# - INDEX TERM--UNCONTROLLED | |
| Uncontrolled term | Революционное движение в России - 19 в. - Воспоминания и записки |
| 700 1# - ADDED ENTRY--PERSONAL NAME | |
| Personal name | Порох, Игорь Васильевич |
| Dates associated with a name | 1922-1999 |
| Relator term | сост. |
| Relationship | com |
| Withdrawn status | Lost status | Source of classification or shelving scheme | Damaged status | Not for loan | Collection | Home library | Current library | Date acquired | Total checkouts | Full call number | Barcode | Date last seen | Price effective from | Koha item type | Public note |
|---|---|---|---|---|---|---|---|---|---|---|---|---|---|---|---|
| Universal Decimal Classification | General | Fundamental Scientific Library | Fundamental Scientific Library | 09/01/2017 | PII/500963 | FL0233304 | 09/01/2017 | 09/01/2017 | Գրքեր / Books | 30 Days Loan |
ՀՀ Գիտությունների ազգային ակադեմիայի հիմնարար գիտական գրադարան = Fundamental Scientific Library of NAS RA
All site content, except where otherwise noted, is licensed under a